|
|
|
|
| LEADER |
02035nam a2200433 i 4500 |
| 001 |
EBC5995007 |
| 003 |
MiAaPQ |
| 005 |
20200204072853.0 |
| 006 |
m o d | |
| 007 |
cr cnu|||||||| |
| 008 |
200204s2019 gw a ob 001 0 eng d |
| 020 |
|
|
|z 9783110654608
|
| 020 |
|
|
|a 9783110659092 (e-book)
|
| 035 |
|
|
|a (MiAaPQ)EBC5995007
|
| 035 |
|
|
|a (Au-PeEL)EBL5995007
|
| 035 |
|
|
|a (OCoLC)1132427653
|
| 040 |
|
|
|a MiAaPQ
|b eng
|e rda
|e pn
|c MiAaPQ
|d MiAaPQ
|
| 050 |
|
4 |
|a D733.P72
|b .M334 2019
|
| 082 |
0 |
|
|a 069.99438
|2 23
|
| 100 |
1 |
|
|a Machcewicz, Pawe,
|d 1966-
|e author.
|
| 245 |
1 |
4 |
|a The war that never ends :
|b the Museum of the Second World War in Gdansk /
|c Pawe Machcewicz ; translated by Anna Poapska Adamek (in cooperation with Bryan Dewalt and David Monaghan).
|
| 264 |
|
1 |
|a Berlin ;
|a Boston :
|b De Gruyter Oldenbourg,
|c [2019]
|
| 264 |
|
4 |
|c 2019
|
| 300 |
|
|
|a 1 online resource (x, 194 pages) :
|b illustrations.
|
| 336 |
|
|
|a text
|b txt
|2 rdacontent
|
| 337 |
|
|
|a computer
|b c
|2 rdamedia
|
| 338 |
|
|
|a online resource
|b cr
|2 rdacarrier
|
| 490 |
0 |
|
|a Public History in International Perspective ;
|v Volume 2
|
| 504 |
|
|
|a Includes bibliographical references and index.
|
| 588 |
|
|
|a Description based on print version record.
|
| 590 |
|
|
|a Electronic reproduction. Ann Arbor, MI : ProQuest, 2018. Available via World Wide Web. Access may be limited to ProQuest affiliated libraries.
|
| 610 |
2 |
0 |
|a Muzeum II Wojny Swiatowej (Gdansk, Poland)
|x History.
|
| 655 |
|
4 |
|a Electronic books.
|
| 700 |
1 |
|
|a Adamek, Anna Poapska,
|e translator.
|
| 700 |
1 |
|
|a Dewalt, Bryan,
|d 1959-
|e contributor.
|
| 700 |
1 |
|
|a Monaghan, David,
|e contributor.
|
| 776 |
0 |
8 |
|i Print version:
|a Machcewicz, Pawe, 1966-
|t War that never ends : the Museum of the Second World War in Gdansk.
|d Berlin ; Boston : De Gruyter Oldenbourg, c2019
|h x, 194 pages
|k Public History in International Perspective ; Volume 2
|z 9783110654608
|
| 797 |
2 |
|
|a ProQuest (Firm)
|
| 856 |
4 |
0 |
|u https://ebookcentral.proquest.com/lib/matrademy/detail.action?docID=5995007
|z Click to View
|